| 000 -LEADER |
| fixed length control field |
02560cam a2200433 a 4500 |
| 001 - CONTROL NUMBER |
| control field |
10987839 |
| 005 - DATE AND TIME OF LATEST TRANSACTION |
| control field |
20170105102416.0 |
| 006 - FIXED-LENGTH DATA ELEMENTS--ADDITIONAL MATERIAL CHARACTERISTICS |
| fixed length control field |
m o d |
| 007 - PHYSICAL DESCRIPTION FIXED FIELD--GENERAL INFORMATION |
| fixed length control field |
cr zn| |
| 008 - FIXED-LENGTH DATA ELEMENTS--GENERAL INFORMATION |
| fixed length control field |
140815s2014 enka o 000 0 eng d |
| 020 ## - INTERNATIONAL STANDARD BOOK NUMBER |
| Canceled/invalid ISBN |
9781118877166 (pbk) |
| 020 ## - INTERNATIONAL STANDARD BOOK NUMBER |
| International Standard Book Number |
9781118877197 (ePub) |
| 020 ## - INTERNATIONAL STANDARD BOOK NUMBER |
| International Standard Book Number |
9781118877210 (ePDF) |
| 035 ## - SYSTEM CONTROL NUMBER |
| System control number |
(CtWfDGI)bks00063620 |
| 035 ## - SYSTEM CONTROL NUMBER |
| System control number |
(NNC)10987839 |
| 040 ## - CATALOGING SOURCE |
| Original cataloging agency |
CtWfDGI |
| Language of cataloging |
eng |
| Transcribing agency |
CtWfDGI |
| 050 14 - LIBRARY OF CONGRESS CALL NUMBER |
| Classification number |
QA76.76.C672 |
| Item number |
R636 2014eb |
| 082 04 - DEWEY DECIMAL CLASSIFICATION NUMBER |
| Classification number |
794.81 |
| Edition number |
22 |
| 100 1# - MAIN ENTRY--PERSONAL NAME |
| Personal name |
Rogers, Scott. |
| 245 10 - TITLE STATEMENT |
| Title |
Level up! the guide to great video game design |
| Statement of responsibility, etc. |
Scott Rogers. |
| 250 ## - EDITION STATEMENT |
| Edition statement |
2nd ed. |
| 260 ## - PUBLICATION, DISTRIBUTION, ETC. |
| Place of publication, distribution, etc. |
Chichester, West Sussex, U.K. : |
| Name of publisher, distributor, etc. |
John Wiley & Sons Ltd, |
| Date of publication, distribution, etc. |
2014 |
| Place of manufacture |
(Norwood, Mass. : |
| Manufacturer |
Books24x7.com [generator]) |
| 300 ## - PHYSICAL DESCRIPTION |
| Extent |
xii, 535p.: |
| Other physical details |
ill.; |
| Dimensions |
23cm |
| 500 ## - GENERAL NOTE |
| General note |
Title from title screen. |
| 516 ## - TYPE OF COMPUTER FILE OR DATA NOTE |
| Type of computer file or data note |
Text. |
| 520 ## - SUMMARY, ETC. |
| Summary, etc. |
If you want to design and build cutting-edge video games but aren't sure where to start, then the SECOND EDITION of the acclaimed Level Up! is for you! This updated edition provides clear and well-thought out examples that forgo theoretical gobbledygook with charmingly illustrated concepts and solutions based on years of professional experience. Teaches you how to develop marketable ideas, what perils and pitfalls await during a game's pre-production, production and post-production stages, and provides even more creative ideas to serve as fuel for your own projects including: Developing your game design from the spark of inspiration all the way to production; Learning how to design the most exciting levels, the most precise controls, and the fiercest foes that will keep your players challenged; Creating games for mobile and console systems - including detailed rules for touch and motion controls; Monetizing your game from the design up; Writing effective and professional design documents with the help of brand new examples. Includes all-new content, an introduction by David "God of War" Jaffe and even a brand-new chili recipe. -- |
| 530 ## - ADDITIONAL PHYSICAL FORM AVAILABLE NOTE |
| Additional physical form available note |
Available also in a print ed. |
| 538 ## - SYSTEM DETAILS NOTE |
| System details note |
Mode of access: Internet via World Wide Web. |
| 550 ## - ISSUING BODY NOTE |
| Issuing body note |
Digitized and made available by: Books24x7.com. |
| 650 #0 - SUBJECT ADDED ENTRY--TOPICAL TERM |
| Topical term or geographic name entry element |
Computer games |
| General subdivision |
Programming. |
| 650 #0 - SUBJECT ADDED ENTRY--TOPICAL TERM |
| Topical term or geographic name entry element |
Computer games |
| General subdivision |
Design. |
| 650 #0 - SUBJECT ADDED ENTRY--TOPICAL TERM |
| Topical term or geographic name entry element |
Video games |
| General subdivision |
Design. |
| 655 #7 - INDEX TERM--GENRE/FORM |
| Genre/form data or focus term |
Electronic books. |
| Source of term |
lcsh |
| 655 #0 - INDEX TERM--GENRE/FORM |
| Genre/form data or focus term |
Electronic books. |
| 710 2# - ADDED ENTRY--CORPORATE NAME |
| Corporate name or jurisdiction name as entry element |
Books24x7, Inc. |
| 856 40 - ELECTRONIC LOCATION AND ACCESS |
| Uniform Resource Identifier |
<a href="http://www.columbia.edu/cgi-bin/cul/resolve?clio10987839">http://www.columbia.edu/cgi-bin/cul/resolve?clio10987839</a> |
| Public note |
Click here for full text. |
| 942 ## - ADDED ENTRY ELEMENTS (KOHA) |
| Source of classification or shelving scheme |
|
| Koha item type |
Book |